000 00465nam a2200157 i 4500
001 95323
003 ES-MaACL
005 20230906181659.0
007 t|
008 050526s1914 fr ||||1| fre d
100 1 _aLuys, Georges.
_974896
245 1 0 _aTraité de cystoscopie et d'urétroscopie /
_cpar le Dr. Georges Luys.
260 _aParis :
_b[s.n.],
_c1914 (
_fLibrairies-Imprimeries Reunies)
300 _aVII, 439 p. ;
_c28 cm.
852 _aES-MaACL
_jB-10814
999 _c95323
_d95323